| 000 | 00369nam a2200157Ia 4500 | ||
|---|---|---|---|
| 003 | Ost | ||
| 005 | 20260225132558.0 | ||
| 008 | 260225s9999||||xx |||||||||||||| ||und|| | ||
| 040 | _cfsic | ||
| 041 | _afre | ||
| 082 | _a343.9 | ||
| 100 |
_aArtur london _eAuteur |
||
| 245 | 0 | _aL'aveu dans l'engrenage du proces de prague / | |
| 245 | 0 | _cArtur london | |
| 942 | _cكتاب | ||
| 999 |
_c34600 _d34600 |
||